| 000 | 00532nam a2200169Ii 4500 | ||
|---|---|---|---|
| 003 | JO-AjNU | ||
| 008 | 230606s9999||||xx |||||||||||||| ||und|| | ||
| 040 |
_aJO-AjNU _beng _erda _cJO-AjNU |
||
| 041 | _aeng | ||
| 050 | 1 | 4 | _aP305.2015 |
| 100 | 3 |
_aAL-Momaney, Naqa Zeyad Mohammad, _eauthor _93716 |
|
| 245 | 0 | 0 | _aVocabulary Learning Strategies Used by EFL Students at Ajloun National University Students |
| 300 | _a38p | ||
| 336 |
_atext _btxt _2rdacontent |
||
| 337 |
_aunmediated _bn _2rdamedia |
||
| 338 |
_avolume _bnc _2rdacarrier |
||
| 999 |
_aE1940 _c1940 _d1940 |
||